|
|
|
|
| LEADER |
00629nab a2200181 i 4500 |
| 001 |
acta53511 |
| 005 |
20260224081030.0 |
| 008 |
180326s1942 hu o 000 hun d |
| 040 |
|
|
|a SZTE Egyetemi Kiadványok Repozitórium
|b hun
|
| 041 |
|
|
|a hun
|
| 100 |
1 |
|
|a Visy József
|
| 245 |
1 |
0 |
|a Padányi Viktor
|h [elektronikus dokumentum] :
|b Összeomlás /
|c Visy József
|
| 260 |
|
|
|c 1942
|
| 300 |
|
|
|a 280-281
|
| 490 |
0 |
|
|a Nevelésügyi szemle
|v 6 No. 9-10
|
| 695 |
|
|
|a Magyar irodalom - regény - könyvismertetés
|
| 700 |
0 |
1 |
|a Padányi Viktor
|
| 856 |
4 |
0 |
|u http://acta.bibl.u-szeged.hu/53511/1/nev_szem_006_009_010_280-281.pdf
|z Dokumentum-elérés
|